ბათუმის შოთა რუსთაველის სახელმწიფო უნივერსიტეტის ბიბლიოთეკა

ეკონომიკისა და ბიზნესის გლობალურ - ინოვაციური პრობლემები : (ბიბ.ჩანაწერი № 54870)

000 -ლიდერი
ფიქსირებული სიგრძის საკონტროლო ველი 01651nam a2200313Ia 4500
001 - საკონტროლო ნომერი
საკონტროლო ველი 21939
003 - საკონტროლო ნომრის იდენტიფიკატორი
საკონტროლო ველი GE_BSU
005 - ბოლო ოპერაციის თარიღი და დრო
საკონტროლო ველი 20220830150113.0
008 - ფიქსირებული სიგრძის მონაცემთა ელემენტები - ზოგადი ინფორმაცია
ფიქსირებული სიგრძის საკონტროლო ველი 181216s ||||ge |||||||||||||| || ||
020 ## - წიგნის საერთაშორისო სტანდარტული ნომერი
International Standard Book Number 9789941222399
040 ## - კატალოგიზაციის წყარო
Transcribing agency GE_BSU
041 ## - ენის კოდი
Language code of text/sound track or separate title geo
080 ## - უნივერსალური ათობითი კლასიფიკაციის ინდექსი
Universal Decimal Classification number 330.101.541 : 338.22:339.924 ა-19
100 ## - მთავარი ჩანაწერი - პიროვნების სახელი
Personal name აბრალავა, ანზორ
9 (RLIN) 5290
245 ## - ცნობა სათაურის შესახებ
Title ეკონომიკისა და ბიზნესის გლობალურ - ინოვაციური პრობლემები :
Remainder of title მონოგრაფია /
Statement of responsibility, etc ანზორ აბრალავა ; რედ. ელგუჯა მექვაბიშვილი.
264 ## - წარმოების, გამოცემის, დისტრიბუციის და სხვა ცნობები
გამოცემის, წარმოების, დისტრიბუციის... ადგილი თბილისი :
გამოცემის, წარმოების, დისტრიბუციის... სახელწოდება უნივერსალი,
გამოცემის, წარმოების, დისტრიბუციის... თარიღი 2014.
300 ## - ფიზიკური აღწერა
Extent 312 გვ. ;
Dimensions 20 სმ.
504 ## - BIBLIOGRAPHY, ETC. NOTE
Bibliography, etc ბიბლიოგრაფია გვ. : 307-311
520 ## - SUMMARY, ETC.
Summary, etc რეზიუმე ინგლისურ და რუსულ ენებზე
546 ## - LANGUAGE NOTE
Language note თავფურცელი მე-2 გვ. ინგლისურ ენაზე
546 ## - LANGUAGE NOTE
Language note თავფურცელი მე-3 გვ. რუსულ ენაზე
653 ## - INDEX TERM--UNCONTROLLED
Uncontrolled term ეკონომიკა
653 ## - INDEX TERM--UNCONTROLLED
Uncontrolled term ეკონომიკისა და ბიზნესის გლობალურ-ინოვაციური პრობლემები
653 ## - INDEX TERM--UNCONTROLLED
Uncontrolled term მაკროეკონომიკა
653 ## - INDEX TERM--UNCONTROLLED
Uncontrolled term ბიზნესი
700 ## - ADDED ENTRY--PERSONAL NAME
Personal name მექვაბიშვილი, ელგუჯა
Relator term რედაქტორი
9 (RLIN) 14565
942 ## - ADDED ENTRY ELEMENTS (KOHA)
Koha item type წიგნი
Source of classification or shelving scheme
ეგზემპლარები
ჩამოწერის სტატუსი დაკარგული ეგზემპლარის სტატუსი კლასიფიკაციის წყარო ან თაროზე გაწყობის სქემა დაზიანების სტატუსი არ გაიცემა მუდმივი მდებარეობა (დაცვის ადგილი) ამჟამინდელი ადგილსამყოფელი თაროზე განთავსების ადგილი შეძენის თარიღი ღირებულება, შესყიდვის ნორმალური ფასი სრული შენახვის შიფრი შტრიხკოდი ბოლო ოპერაციის თარიღი ეგზემპლარის მიმდევრობითი ნომერი (კეტერი?) ფასის ძალაში შესვლის თარიღი ეგზემპლარის სახეობა საჯარო შენიშვნა
          ბათუმის შოთა რუსთაველის სახელმწიფო უნივერსიტეტის მთავარი ბიბლიოთეკა ბათუმის შოთა რუსთაველის სახელმწიფო უნივერსიტეტის მთავარი ბიბლიოთეკა წიგნსაცავი 2018-12-17 15.00 330.101.541 : 338.22:339.924 ა-19 56665 2018-12-17 56665 2018-12-17 წიგნი 15.00 ₾.